| 000 | 00420nam a22001577a 4500 | ||
|---|---|---|---|
| 003 | BD-DhUL | ||
| 005 | 20201124114456.0 | ||
| 008 | 201124b xxu||||| |||| 00| 0 eng d | ||
| 040 |
_aBD-DhUL _cBD-DhUL _dBD-DhUL |
||
| 082 |
_a324.54 _bBIE |
||
| 245 |
_aThe bihar and orissa electoral rules : _bcorrected upto the 1st september 1926 / |
||
| 260 | _c1926. | ||
| 300 |
_b27 p. _c34cm. |
||
| 650 | 0 | _aLaw | |
| 942 |
_2ddc _cBK |
||
| 999 |
_c252364 _d252364 |
||